Estadísticas para Países más poblados del A-Z

Haz click aquí para tomar la prueba!

Estadísticas generales

  • Esta prueba ha sido tomada 2,429 veces
  • La puntuación promedio es 17 de 23

Estadísticas de respuestas

Población País % Correcto
C1,370,570,000China
99%
E321,268,000Estados Unidos
94%
I1,273,140,000India
94%
B204,503,000Brasil
91%
R146,267,288Rusia
90%
A81,083,600Alemania
89%
D5,639,565Dinamarca
88%
J126,880,000Japón
82%
Y25,956,000Yemen
79%
O4,161,705Omán
78%
Z15,473,905Zambia
78%
P190,156,000Pakistán
75%
M121,005,815México
75%
N183,523,000Nigeria
70%
F99,138,690Filipinas
68%
V91,583,000Vietnam
66%
K46,749,000Kenia
64%
T77,695,904Turquía
57%
L6,802,000Laos
54%
U45,362,900Ucrania
53%
H10,911,819Haití
48%
S54,002,000Sudáfrica
44%
G26,786,598Ghana
39%

Distribución de puntuación

Porcentaje por número respondido

Porcentaje de gente con cada puntuación

Historial de tus puntuaciones

No has tomado esta prueba